Представление документа в формате RUSMARC

ПолеНазваниеЗначение
  Тип записи a
  Библиографический уровень a
001 Контрольный номер RU/УОНБ/EK_Kray/619782700
005 Дата корректировки 20240131004836.1
100 Данные общей обработки __
a Данные общей обработки 20190822d2019 ||| 0rusy0189 ca
101 Язык документа 0_
a Язык текста rus
102 Страна публикации __
a Страна публикации RU
105 Кодированные данные (монография) __
a Кодированные данные (монография) y###||||000|y
200 Заглавие и сведения об ответственности 1_
a Заглавие Тень поэта
e Сведения, относящиеся к заглавию поэма памяти Николая Благова
f Первые сведения об ответственности Жан Миндубаев
215 Физическое описание __
c Иллюстрации/тип воспроизводства 1 портр.
461 Уровень набора _0
1 2000
a Симбирскъ
1 011
463 Уровень физической единицы _0
1 001RU/УОНБ/EK_Kray/619705557
1 2000
a № 1
v С. 57-61
1 210
d 2019
600 Персоналии _1
a Персоналии (Фамилия) Благов, Николай Николаевич
610 Ключевые слова 0_
a Ключевые слова поэмы
686 Индексы других классификаций __
a Классификационный индекс 84-5
2 Код системы rubbk
700 Автор _1
a Фамилия Миндубаев
b Имя (инициалы) Ж.
g Полное личное имя Жан
4 Код отношения 070
801 Источник записи _0
a Страна RU
b Организация Ульяновская ОНБ
c Дата составления 20190822
g Правила каталогизации RCR
801 Источник записи _1
a Страна RU
b Организация Ульяновская ОНБ
c Дата составления 20190822
g Правила каталогизации RCR
901 Тип документа __
t Тип документа b
w Контрольный № источника RU/УОНБ/EK_Kray/619705557
909 Создатель записи __
a Создатель записи Бороденкова
938 Служебная информация __
a Имя БД kraeved_work
b Имя библиотеки УОНБ
c Имя АИБС МАРК-SQL
d Номер DOC_ID в БД 137227